The Carrot Principle /
Saved in:
| Main Authors: | , |
|---|---|
| Format: | Book |
| Language: | English |
| Published: |
New York
Free Press
2009
|
| Subjects: | |
| Tags: |
No Tags, Be the first to tag this record!
|
MARC
| LEADER | 00000nam a22000003a 4500 | ||
|---|---|---|---|
| 001 | 0084025 | ||
| 003 | SK-STU | ||
| 005 | 20230112141438.6 | ||
| 007 | ta | ||
| 008 | 201028s ----xo-----e------000-0-----d | ||
| 020 | |a 978-1-4391-4917-1 | ||
| 040 | |a STU |b slo | ||
| 041 | 0 | |a eng | |
| 044 | |a xxu | ||
| 100 | 1 | |a Gostick, Adrian |4 aut | |
| 245 | 1 | 0 | |a The Carrot Principle / |c aut. Adrian Gostick, Chester Elton |
| 260 | |a New York |b Free Press |c 2009 | ||
| 300 | |a 235 s. | ||
| 650 | 0 | 7 | |a manažment |
| 700 | 1 | |a Elton, Chester |4 aut | |
| 996 | |b 284M088454 |c M* 14377-1 |l MMKN |s A |a 24 |w 0084025_0001 | ||
| 996 | |b 284M089225 |c M* 14377-2 |l MMKN |s A |a 24 |w 0084025_0002 | ||